Espagnols célèbres en images - Statistiques

Statistiques générales
  • Ce quiz a été pris 385 fois
  • Le résultat moyen est 8 sur 16
Statistiques - réponses
Par images Réponse % Correct
Rafael Nadal
97%
Pablo Picasso
90%
Salvador Dali
90%
Francisco Franco
70%
Andrés Iniesta
67%
Penélope Cruz
66%
Juan Carlos I
50%
Felipe VI
49%
Fernando Alonso
49%
Pedro Almodovar
42%
Julio Iglesias
36%
Paco Rabanne
14%
Hernán Cortés
13%
Francisco Pizarro
8%
Antoni Gaudí
7%
Amancio Ortega
3%
Aucun quiz correspondant
Distribution des résultats
% des personnes avec chaque résultat
Percentile par nombre de réponses
Votre historique - résultats
Vous n’avez pas pris ce quiz